Statistiken für Prva Crnogorska Liga (Montenegro) Top 4

Klicken Sie hier um das Quiz zu spielen!

Allgemein

  • Dieses Quiz wurde 10 mal gespielt
  • Das Durchschnittsergebnis liegt bei 6 aus 15

Antwortstatistiken

Antwort% Korrekt
FK Podgorica
78%
FK Mogren Budva
67%
FK Budućnost Podgorica
56%
FK Rudar Pljevlja
44%
FK Zeta Golubovci
44%
FK Bokelj Kotor
33%
FK Dečić Tuzi
33%
FK Lovćen Cetinje
33%
FK Mladost Podgorica
33%
FK Sutjeska Nikšić
33%
FK Arsenal Tivat
22%
FK Čelik Nikšić
22%
FK Iskra Danilovgrad
22%
OFK Titograd
22%
FK Grbalj Radanovići
11%

Verteilung der Resultate

Perzentil nach korrekt beantworteten Fragen

Anzahl Personen mit jedem Resultat

Ihre Resultats-Entwicklung

Sie haben dieses Quiz noch nicht gespielt